वैशाली की नगरवधू (Record no. 396645)

MARC details
000 -LEADER
fixed length control field 00672 a2200205 4500
005 - DATE & TIME
control field 20260218155816.0
008 - FIXED-LENGTH DATA ELEMENTS--GENERAL INFORMATION
fixed length control field 260218b |||||||| |||| 00| 0 eng d
020 ## - ISBN
International Standard Book Number 9789387774667
Price रु 995.00
040 ## - CATALOGING SOURCE
Original cataloging agency VIVEKANANDA LIBRARY
082 ## - DDC NUMBER
Classification number 891.433411
Book Number CA396V
100 ## - MAIN ENTRY--PERSONAL NAME
Personal name चतुरसेन, आचार्य
110 ## - MAIN ENTRY--CORPORATE NAME
Corporate name चतुरसेन
245 ## - TITLE STATEMENT
Title वैशाली की नगरवधू
250 ## - EDITION STATEMENT
Edition statement Latest edition
260 ## - PUBLICATION, DISTRIBUTION, ETC. (IMPRINT)
Date of publication, distribution, etc 2026
Place of publication, distribution, etc नई दिल्ली
Name of publisher, distributor, etc शिवांक प्रकाशन
300 ## - PHYSICAL DESCRIPTION
Pages 480
650 ## - Subject
Subject हिन्दी साहित्य
651 ## - SUBJECT ADDED ENTRY--GEOGRAPHIC NAME
Geographic name हिन्दी उपन्यास
942 ## - ADDED ENTRY ELEMENTS (KOHA)
Koha item type Hindi Books
Holdings
Withdrawn status Lost status Source of classification or shelving scheme Damaged status Not for loan Location (home branch) Sublocation or collection (holding branch) Date acquired Koha issues (times borrowed) Accession No. Koha date last seen Koha item type
    Dewey Decimal Classification     VIVEKANANDA LIBRARY VIVEKANANDA LIBRARY 04/02/2026   438086 04/02/2026 Books
© Designed and Maintained by Vivekananda Library, MDU Rohtak